| 000 | 01472nac a22003731i 4500 | ||
|---|---|---|---|
| 003 | EG-ScBUE | ||
| 005 | 20240917131332.0 | ||
| 008 | 240917t1995 nyua f 001 0 eng d | ||
| 020 | _a0070380023 (recycled paper) | ||
| 020 | _a9780070380028 | ||
| 040 |
_aEG-ScBUE _beng _erda _cEG-ScBUE _dEG-ScBUE |
||
| 082 | 0 | 4 |
_a510.76 _bLIP _222 |
| 100 | 1 |
_aLipschutz, Seymour, _eauthor. |
|
| 245 | 1 | 0 |
_aSchaum's outline of theory and problems of finite mathematics / _cSeymour Lipschutz, professor of mathematics, Temple University, John J. Schiller, Jr, Ph.D., associate professor of mathematics, Temple University. |
| 250 | _aSecond edition. | ||
| 264 | 1 |
_aNew York : _bMcGraw-Hill, _c[1995] |
|
| 264 | 4 | _cc1995 | |
| 300 |
_avii, 483 pages : _billustrations ; _c28 cm. |
||
| 336 |
_2rdacontent _atext _btxt |
||
| 337 |
_aunmediated _2rdamedia _bn |
||
| 338 |
_avolume _bnc _2rdacarrier |
||
| 490 | 0 | _aSchaum's outline series | |
| 500 | _aSpine title: Finite mathematics. | ||
| 500 | _aIncludes index. | ||
| 650 | 7 |
_aMathematics _xProblems, exercises, etc. _2BUEsh |
|
| 650 | 7 |
_aMathematics. _2BUEsh |
|
| 655 | _vReading book | ||
| 700 | 1 |
_aSchiller, John J., _eauthor. |
|
| 740 | 0 | _aTheory and problems of finite mathematics. | |
| 740 | 0 | _aFinite mathematics. | |
| 856 | 4 | 2 |
_3Publisher description _uhttp://www.loc.gov/catdir/description/mh031/94016417.html |
| 856 | 4 | 2 |
_3Table of contents _uhttp://www.loc.gov/catdir/toc/mh022/94016417.html |
| 942 |
_cBB _2ddc |
||
| 999 |
_c9378 _d9378 |
||